[Event "ESP-chT CECLUB Div2"]
[Site "Linares"]
[Date "2019.08.19"]
[Round "1.7"]
[White "Espejo Montagut, Jonatan"]
[Black "Represa Perez, Mireya"]
[Result "0-1"]
[WhiteElo "2096"]
[BlackElo "2229"]
[PlyCount "60"]
[EventDate "2019.08.19"]
[EventType "team-swiss"]
[EventRounds "7"]
[EventCountry "ESP"]
[SourceTitle "EXT 2020"]
[Source "ChessBase"]
[SourceDate "2019.10.17"]
[SourceVersion "1"]
[SourceVersionDate "2019.10.17"]
[SourceQuality "1"]
[WhiteTeam "Ciudad de Huelva"]
[BlackTeam "Andreu Paterna II"]
[WhiteTeamCountry "ESP"]
[BlackTeamCountry "ESP"]

1. e4 c5 2. Nf3 d6 3. d4 cxd4 4. Nxd4 Nf6 5. Nc3 a6 6. Bg5 e6 7. f4 Be7 8. Qf3 Qc7 9. 0-0-0 Nbd7 10. g4 b5 11. Bxf6 Bxf6 12. g5 Bxd4 13. Rxd4 Bb7 14. Be2 Rc8 15. Rhd1 0-0 16. Rxd6 Nc5 17. R6d4 Nxe4 18. a4 Nd6 19. Qf2 Qb6 20. a5 Qc5 21. Qg1 Nf5 22. Rd7 Qxg1 23. Rxg1 Bc6 24. Ra7 b4 25. Nb1 Be4 26. c3 Nd4 27. Bxa6 Nb3+ 28. Kd1 Ra8 29. Rxa8 Rxa8 30. Bc4 Nxa5 0-1

[Event "La Roda op 42nd"]
[Site "La Roda"]
[Date "2015.04.02"]
[Round "2"]
[White "Smirnov, Artem"]
[Black "Espejo Montagut, Jonatan"]
[Result "1-0"]
[WhiteElo "2456"]
[BlackElo "2140"]
[PlyCount "81"]
[EventDate "2015.04.01"]
[EventType "swiss"]
[EventRounds "9"]
[EventCountry "ESP"]
[SourceTitle "CBM 165 Extra"]
[Source "ChessBase"]
[SourceDate "2015.04.21"]
[SourceVersion "1"]
[SourceVersionDate "2015.04.21"]
[SourceQuality "1"]

1. d4 d5 2. c4 c6 3. Nf3 Nf6 4. Nc3 e6 5. e3 Nbd7 6. Qc2 Bd6 7. b3 b6 8. Bb2 Qe7 9. Bd3 Bb7 10. 0-0 0-0 11. Rfe1 h6 12. e4 dxe4 13. Nxe4 Nxe4 14. Bxe4 Ba3 15. Bxa3 Qxa3 16. Ne5 Nxe5 17. dxe5 Rfd8 18. Rad1 Qe7 19. Re3 Rxd1+ 20. Qxd1 Rd8 21. Rd3 Rxd3 22. Qxd3 Kf8 23. b4 Ke8 24. Qd6 Qxd6 25. exd6 Kd7 26. c5 Ba6 27. f4 Bc4 28. a3 Be2 29. Kf2 Bh5 30. h3 f6 31. g4 Bf7 32. Kg3 Be8 33. Bc2 Kd8 34. g5 Bh5 35. gxh6 gxh6 36. b5 Be8 37. Be4 bxc5 38. bxc6 e5 39. fxe5 fxe5 40. Kf2 Bf7 41. Bf5 1-0

[Event "Seville op 40th"]
[Site "Seville"]
[Date "2015.01.29"]
[Round "6"]
[White "Lalic, Bogdan"]
[Black "Espejo Montagut, Jonatan"]
[Result "1-0"]
[WhiteElo "2482"]
[BlackElo "2101"]
[PlyCount "55"]
[EventDate "2015.01.25"]
[EventType "swiss"]
[EventRounds "9"]
[EventCountry "ESP"]
[SourceTitle "CBM 164 Extra"]
[Source "ChessBase"]
[SourceDate "2015.03.02"]
[SourceVersion "1"]
[SourceVersionDate "2015.03.02"]
[SourceQuality "1"]

1. d4 Nf6 2. c4 e6 3. g3 d5 4. Bg2 Be7 5. Nf3 0-0 6. 0-0 dxc4 7. Ne5 a6 8. Nc3 Ra7 9. a4 b6 10. e4 c5 11. d5 exd5 12. exd5 Bf5 13. Nxc4 Ne8 14. Re1 Nd6 15. Ne5 Bf6 16. Nc6 Nxc6 17. dxc6 Be6 18. Bf4 Nf5 19. Nd5 Bxd5 20. Qxd5 Nd4 21. Qxd8 Rxd8 22. c7 Rc8 23. Bh3 Raa8 24. Bxc8 Rxc8 25. Re4 Ne6 26. Rd1 Kf8 27. Rd6 Rxc7 28. Rdxe6 1-0

[Event "Seville op 40th"]
[Site "Seville"]
[Date "2015.01.27"]
[Round "4"]
[White "Espejo Montagut, Jonatan"]
[Black "Lopez Gonzalez, Daniel"]
[Result "1-0"]
[WhiteElo "2101"]
[BlackElo "2238"]
[PlyCount "95"]
[EventDate "2015.01.25"]
[EventType "swiss"]
[EventRounds "9"]
[EventCountry "ESP"]
[SourceTitle "CBM 164 Extra"]
[Source "ChessBase"]
[SourceDate "2015.03.02"]
[SourceVersion "1"]
[SourceVersionDate "2015.03.02"]
[SourceQuality "1"]

1. e4 e5 2. Nf3 Nc6 3. Bb5 Nf6 4. d3 d6 5. c3 a6 6. Bxc6+ bxc6 7. Nbd2 c5 8. 0-0 g6 9. Re1 Bg7 10. Qa4+ Bd7 11. Qc2 0-0 12. b3 Nh5 13. Bb2 Nf4 14. d4 cxd4 15. cxd4 exd4 16. Bxd4 Bxd4 17. Nxd4 Qg5 18. g3 Nh3+ 19. Kg2 c5 20. N4f3 Qh5 21. Ng1 Nxf2 22. Kxf2 Qxh2+ 23. Ke3 Qxg3+ 24. Ngf3 d5 25. Qxc5 dxe4 26. Qe5 Qxe5 27. Nxe5 Bf5 28. Nxe4 f6 29. Nc4 Rfe8 30. Kf4 Bxe4 31. Rxe4 Rxe4+ 32. Kxe4 Re8+ 33. Kf4 Re2 34. a4 Kg7 35. b4 f5 36. Ne3 Rb2 37. b5 Rb4+ 38. Kf3 a5 39. Nd5 Rd4 40. Ne7 Rd3+ 41. Ke2 Rb3 42. Nc6 f4 43. Nxa5 Rb2+ 44. Kf3 g5 45. Ra3 Kg6 46. Rb3 Ra2 47. b6 Kf5 48. Rb5+ 1-0